000 00631nam a2200193Ia 4500
008 151121s9999||||xx |||||||||||||| ||und||
082 _aबा। वि।
082 _bHNW-72729
100 _aआपटे गुरुजी
245 _aगांधीची गोष्ट
260 _b"कॉन्टिनेंटल प्रकाशन, पुणे।"
260 _c--
300 _a158
600 _aआपटे गुरुजी
630 _aगांधीची गोष्ट
700 _aआपटे गुरुजी
730 _aगांधीची गोष्ट
942 _cBOOK
999 _c1254187
_d1254184